Administración financiera (Registro nro. 888)

Detalles MARC
000 -LEADER
fixed length control field 02205 a2200241 4500
001 - CONTROL NUMBER
control field 22039
005 - DATE AND TIME OF LATEST TRANSACTION
control field 20260407155509.0
008 - FIXED-LENGTH DATA ELEMENTS--GENERAL INFORMATION
fixed length control field 260407a1993 arg spa d
003 - CONTROL NUMBER IDENTIFIER
control field AR-UNSa-BCEJYS
040 ## - CATALOGING SOURCE
Original cataloging agency AR-UNSa-BCEJYS
Language of cataloging spa
Transcribing agency AR-UNSa-BCEJYS
080 ## - UNIVERSAL DECIMAL CLASSIFICATION NUMBER
Universal Decimal Classification number 658.15
Common auxiliary subdivision Administración financiera privada. Gestión financiera de empresas<br/>
020 ## - INTERNATIONAL STANDARD BOOK NUMBER
International Standard Book Number 968-880-304-9
100 1# - MAIN ENTRY--PERSONAL NAME
Personal name Van Horne, James C.
245 10 - TITLE STATEMENT
Title Administración financiera
250 ## - EDITION STATEMENT
Edition statement 9a. ed.
264 #1 - PRODUCTION, PUBLICATION, DISTRIBUTION, MANUFACTURE, AND COPYRIGHT NOTICE
Place of production, publication, distribution, manufacture México :
Name of producer, publisher, distributor, manufacturer Prentice-Hall
Date of production, publication, distribution, manufacture, or copyright notice 1993
300 ## - PHYSICAL DESCRIPTION
Extent xxi, 894 p.
Dimensions 25 cm.
505 ## - FORMATTED CONTENTS NOTE
Formatted contents note 1. Objetivos y funciones de las finanzas - 2. Conceptos en valuación - 3. Riesgos y rentabilidad de mercado - 4. Variable multiples y factores de valuación - 5. Valuación desde un punto de vista relativo - 6. Principios de inversión de capital - 7. Riesgo y opciones administrativas para en la presupuestos de capital - 8. Creación de valor mediante inversiones de capital - 9. Rendimientos requeridos para empresas, divisiones y adquisiciones - 10. Teoría de la estructura de capital - 11. Toma de decisiones en la estructura de capital - 12. Otros aspectos de la política de dividendos - 14. Administración del capital de trabajo y consideraciones de eficiencia del mercado - 14.La administración delas cuentas por cobrar y los inventarios - 15. Administración de efectivo y valores negociables - 16. Administración de cuentas por cobrar e inventarios - 17. Financiamiento sin garantía a corto plazo - 18. Prestamos garantizados y términos de financiamiento - 19. Arrendamiento financiero - 20. Mercados financieros cambiantes - 21. Emisisón de valores - 22. Financiamiento con ingresos fijos y pasivos originados en fondos de pensiones - 23. Financiamiento con opciones:garantias convertibles e intercambiables - 24. Reestructuración corporativa y forzada - 25. Administración financiera internacional - 26. Análisis de razones financieras - 27. Planeación financiera
590 ## - LOCAL NOTE (RLIN)
Local note niveau_biblio:m niveau_hierar:0
700 1# - ADDED ENTRY--PERSONAL NAME
Personal name Paniagua Gómez de Reyes, María del Carmen
856 41 - ELECTRONIC LOCATION AND ACCESS
Uniform Resource Identifier <a href="https://biblioeco.unsa.edu.ar/pmb/images/libros/Administracion Financiera 9ed.jpg">https://biblioeco.unsa.edu.ar/pmb/images/libros/Administracion Financiera 9ed.jpg</a>
Link text Imagen de portada
Electronic format type image/jpeg
942 ## - ADDED ENTRY ELEMENTS (KOHA)
Koha item type
Existencias
Withdrawn status Lost status Damaged status Not for loan Home library Current library Shelving location Date acquired Total checkouts Full call number Barcode Date last seen Price effective from Koha item type Public note
        Biblioteca Prof. Eusebio Cleto del Rey Biblioteca Prof. Eusebio Cleto del Rey   07/04/2026   658.15 V217 9ed. L69821 07/04/2026 07/04/2026 Libro TAPA DE ATRAS (PARTE SUPERIOR)UN POCO SUELTA - MANCHADO
        Biblioteca Prof. Eusebio Cleto del Rey Biblioteca Prof. Eusebio Cleto del Rey   07/04/2026   658.15 V217 9ed. L69560 07/04/2026 07/04/2026 Libro